书目信息 |
| 题名: |
公共文化服务中的民营企业角色
|
|
| 作者: | 林敏娟 著 | |
| 分册: | ||
| 出版信息: | 北京 中国社会出版社 2014 |
|
| 页数: | 227页 | |
| 开本: | 24cm | |
| 丛书名: | ||
| 单 册: | ||
| 中图分类: | F279.245 | |
| 科图分类: | ||
| 主题词: | 民营企业--政企关系--研究--中国 | |
| 电子资源: | ||
| ISBN: | 978-7-5087-4588-6 | |
| 000 | 01058nam0 2200241 450 | |
| 001 | 339677 | |
| 005 | 20150608162819.28 | |
| 010 | @a978-7-5087-4588-6@dCNY43.00 | |
| 100 | @a20140812d2014 em y0chiy50 ea | |
| 101 | 0 | @achi |
| 102 | @aCN@b110000 | |
| 105 | @ay z 000yy | |
| 106 | @ar | |
| 200 | 1 | @a公共文化服务中的民营企业角色@Agong gong wen hua fu wu zhong de min ying qi ye jue se@d= The roles of private enterprises in public cultural service@f林敏娟著@zeng |
| 210 | @a北京@c中国社会出版社@d2014 | |
| 215 | @a227页@d24cm | |
| 330 | @a本书以民营企业为研究对象, 以政企互动为网络情境, 构建了公共文化服务中民营企业角色的理论框架, 然后通过问卷调查和典型案例对民营企业参与公共文化服务的实践类型、生成机制和行动逻辑进行分析和验证, 最后呈现改进后的角色模型并尝试构建新型的政企关系。 | |
| 510 | 1 | @aRoles of private enterprises in public cultural service@zeng |
| 606 | 0 | @a民营企业@x政企关系@x研究@y中国 |
| 690 | @aF279.245@v5 | |
| 701 | 0 | @a林敏娟@Alin min juan@c(女, @f1982)@4著 |
| 801 | 0 | @aCN@b卓展宏图@c20150525 |
| 905 | @dF279.245@e1239@f4 | |
| 公共文化服务中的民营企业角色= The roles of private enterprises in public cultural service/林敏娟著.-北京:中国社会出版社,2014 |
| 227页;24cm |
| ISBN 978-7-5087-4588-6:CNY43.00 |
| 本书以民营企业为研究对象, 以政企互动为网络情境, 构建了公共文化服务中民营企业角色的理论框架, 然后通过问卷调查和典型案例对民营企业参与公共文化服务的实践类型、生成机制和行动逻辑进行分析和验证, 最后呈现改进后的角色模型并尝试构建新型的政企关系。 |
| ● |
| 相关链接 |
|
|
|
|
正题名:公共文化服务中的民营企业角色
索取号:F279.245/1239
 
预约/预借
| 序号 | 登录号 | 条形码 | 馆藏地/架位号 | 状态 | 备注 |
| 1 | 863613 | 208636136 | 第一样本阅览室/ [索取号:F279.245/1239] | 在馆 | |
| 2 | 863614 | 208636145 | 密集书库-海洋学院/ [索取号:F279.245/1239] | 在馆 | |
| 3 | 863615 | 208636154 | 第一借阅区/ [索取号:F279.245/1239] | 在馆 | |
| 4 | 863616 | 208636163 | 第一借阅区/ [索取号:F279.245/1239] | 在馆 |